| 000 | 00465aam a2200193 4500 | ||
|---|---|---|---|
| 005 | 20250207160055.0 | ||
| 008 | 150603b2000 xxu||||| |||| 00| 0 spa d | ||
| 041 |
_aESP _aING _aFRA _aALE _aITA |
||
| 082 | _aR 413 D545d | ||
| 245 | _aDiccionario plurilingue | ||
| 260 |
_aMéxico _bOcéano _c2000 |
||
| 300 | _a314 páginas | ||
| 650 | _aESPAÑOL | ||
| 650 | _aINGLÉS | ||
| 650 | _aFRANCÉS | ||
| 650 | _aITALIANO | ||
| 650 | _aDICCIONARIOS | ||
| 942 |
_cREF _2ddc |
||
| 999 |
_c2527 _d2527 |
||